Bajeles perdidos: poemas 1920-1938

Zapisane w:
Opis bibliograficzny
1. autor: Díaz, Gerardo
Format: Książka
Język:Undetermined
Wydane: San José, Costa Rica Mesén Editores 1985
Hasła przedmiotowe:
Etykiety: Dodaj etykietę
Nie ma etykietki, Dołącz pierwszą etykiete!

MARC

LEADER 00000nam a2200000Ia 4500
008 170316s9999 xx 000 0 und d
040 |a cru BVZT 
090 |a 860 D-8b 
100 |a Díaz, Gerardo 
245 |a Bajeles perdidos: poemas 1920-1938 
260 |a San José, Costa Rica 
260 |b Mesén Editores 
260 |c 1985 
300 |a 152 páginas 
650 |a LITERATURA LATINOAMERICANA 
999 |c 8636  |d 8636 
942 |c 15 D  |h 860 D-8b  |2 z